Score 0/20 Timer 05:00
0 Plays Today
% Correct
The Lion, the Witch
98.7%
The Return
83.4%
Before They
79.7%
A Clash
76.9%
Red Seas Under
70.4%
The Amber
66.7%
Feet of
62.9%
Black Sun
60.9%
Gardens of
58.7%
The Crystal
55.7%
% Correct
Wizard's First
51.9%
The Sword
51.6%
The Wise Man's
46.5%
Prince
46%
Royal
45%
The Dragon
37.7%
The Well
37.3%
A Wizard
36.2%
The Black
35.5%
The Deed
28.5%
Remove Ads.
Support Sporcle.
Get the best of Sporcle when you Go Orange. This ad-free experience offers more features, more stats, and more fun while also helping to support Sporcle. Thank you for becoming a member.

You're not logged in!

Compare scores with friends on all Sporcle quizzes.
OR
Log In

Show Comments

Extras

Top Quizzes Today


Score Distribution

Your Account Isn't Verified!

In order to create a playlist on Sporcle, you need to verify the email address you used during registration. Go to your Sporcle Settings to finish the process.

Report this User

Report this user for behavior that violates our Community Guidelines.

Details: